Loading...
AIR Commentaries the code of civil procedure
| Main Author: | |
|---|---|
| Other Authors: | |
| Published: |
Nagpur
AIR limited
1963
|
| Edition: | ed.7 |
| Subjects: |
| LEADER | 00542nam a22001697a 4500 | ||
|---|---|---|---|
| 074 | |a 5419 | ||
| 082 | |a 340.56 CHI.1'63 | ||
| 100 | |a Chitaley,D.V |9 262 | ||
| 245 | |a AIR Commentaries the code of civil procedure | ||
| 250 | |a ed.7 | ||
| 260 | |a Nagpur |b AIR limited |c 1963 | ||
| 300 | |a xxxii,1392p. | ||
| 500 | |a include index | ||
| 653 | |a Law |a Civil law |a Civil procedure code | ||
| 700 | |a S Appu Rao |9 263 | ||
| 999 | |c 280 |d 280 | ||
| 952 | |0 0 |1 0 |2 udc |4 0 |6 34056_CHI163 |7 0 |9 400 |a NUALS |b NUALS |d 2009-08-05 |l 0 |o 340.56 CHI.1'63 |p 5419 |r 2009-08-05 |t 1 |w 2009-08-05 |y EAU | ||